[Event "BAN Walton 1st League"]
[Site "Dhaka"]
[Date "2018.11.04"]
[Round "11.3"]
[White "Shawket Bin, Osman Shaon"]
[Black "Jasim, Uddin"]
[Result "1-0"]
[WhiteElo "2084"]
[BlackElo "1640"]
[PlyCount "67"]
[EventDate "2018.10.25"]
[EventType "team-tourn"]
[EventRounds "11"]
[EventCountry "BAN"]
[SourceTitle "CBM 187 Extra"]
[Source "ChessBase"]
[SourceDate "2018.11.04"]
[SourceVersion "1"]
[SourceVersionDate "2018.11.04"]
[SourceQuality "1"]
[WhiteTeam "Mir CC"]
[BlackTeam "Legend Faraz Ayaiz"]
[WhiteTeamCountry "BAN"]
[BlackTeamCountry "BAN"]

1. d4 d5 2. c4 e6 3. Nc3 Nf6 4. Nf3 Be7 5. e3 a6 6. b3 b6 7. Bd3 Bb7 8. 0-0 Nbd7 9. cxd5 Nxd5 10. Nxd5 exd5 11. Bb2 Nf6 12. Rc1 0-0 13. Qc2 Bd6 14. Ne5 g6 15. Rfd1 Ne4 16. f3 Ng5 17. f4 Ne4 18. Bxe4 dxe4 19. d5 f5 20. Nc6 Bxc6 21. Qc3 Qe7 22. Qh8+ Kf7 23. Qxh7+ Ke8 24. Qxg6+ Kd7 25. dxc6+ Kc8 26. Rd5 Bc5 27. Bd4 Bxd4 28. Rxd4 Kb8 29. Rd7 Qa3 30. Rcd1 Qc5 31. Rxc7 Qxe3+ 32. Kh1 Kxc7 33. Qd6+ Kc8 34. Qd7+ 1-0

[Event "BAN Walton 1st League"]
[Site "Dhaka"]
[Date "2018.11.02"]
[Round "9.4"]
[White "Md Nurul Islam, Mahin"]
[Black "Jasim, Uddin"]
[Result "1/2-1/2"]
[WhiteElo "1713"]
[BlackElo "1640"]
[PlyCount "45"]
[EventDate "2018.10.25"]
[EventType "team-tourn"]
[EventRounds "11"]
[EventCountry "BAN"]
[SourceTitle "CBM 187 Extra"]
[Source "ChessBase"]
[SourceDate "2018.11.04"]
[SourceVersion "1"]
[SourceVersionDate "2018.11.04"]
[SourceQuality "1"]
[WhiteTeam "Kasparov CC"]
[BlackTeam "Legend Faraz Ayaiz"]
[WhiteTeamCountry "BAN"]
[BlackTeamCountry "BAN"]

1. f4 b6 2. Nf3 Bb7 3. e3 Nf6 4. Nc3 e6 5. Be2 Be7 6. 0-0 h6 7. d3 0-0 8. e4 c5 9. Ne5 d5 10. exd5 Nxd5 11. Bf3 Nxc3 12. bxc3 Bxf3 13. Qxf3 Qd5 14. Bd2 Na6 15. Qg3 Kh7 16. Rf3 Bf6 17. Ng4 Be7 18. Ne3 Qh5 19. Qf2 f5 20. Re1 Bh4 21. g3 Bf6 22. Nc4 Nc7 23. Rfe3 1/2-1/2

[Event "BAN-chT2"]
[Site "Dhaka"]
[Date "2017.10.25"]
[Round "4.3"]
[White "Jasim, Uddin"]
[Black "Rana Pratap, Singha"]
[Result "0-1"]
[WhiteElo "1647"]
[BlackElo "1858"]
[PlyCount "98"]
[EventDate "2017.10.22"]
[EventType "team-swiss"]
[EventRounds "7"]
[EventCountry "BAN"]
[SourceTitle "CBM 181 Extra"]
[Source "ChessBase"]
[SourceDate "2017.12.12"]
[SourceVersion "1"]
[SourceVersionDate "2017.12.12"]
[SourceQuality "1"]
[WhiteTeam "Dabanol"]
[BlackTeam "Chess Q"]
[WhiteTeamCountry "BAN"]
[BlackTeamCountry "BAN"]

1. d4 g6 2. c4 Bg7 3. g3 Nf6 4. Bg2 0-0 5. Nc3 d6 6. e4 Nbd7 7. Nge2 c6 8. 0-0 e5 9. d5 cxd5 10. Nxd5 Nb6 11. b3 Nfxd5 12. cxd5 f5 13. f3 fxe4 14. fxe4 Bg4 15. h3 Bd7 16. Nc3 Qc8 17. Rxf8+ Bxf8 18. Qd3 Bxh3 19. Ba3 Bxg2 20. Kxg2 Qd7 21. Rf1 Rc8 22. Rf6 a6 23. Bb4 Qc7 24. a4 Nd7 25. Rf3 Nc5 26. Qc2 Qb6 27. Bxc5 Qxc5 28. Qd3 Be7 29. Ne2 Bg5 30. Qc3 Qxc3 31. Rxc3 Rxc3 32. Nxc3 Kf7 33. Kf3 h5 34. Ne2 Ke7 35. Ng1 Kd7 36. Ke2 Kc7 37. Nf3 Bh6 38. Nh4 g5 39. Nf5 Bf8 40. a5 Kd7 41. b4 Be7 42. Kf3 Bd8 43. Kg2 b6 44. axb6 Bxb6 45. Kf3 Bd4 46. Nxd4 exd4 47. Ke2 h4 48. gxh4 gxh4 49. Kd3 h3 0-1

[Event "Dhaka SGS op"]
[Site "Dhaka"]
[Date "2017.06.11"]
[Round "9"]
[White "Islam, Sheik Md Khairul"]
[Black "Jasim, Uddin"]
[Result "0-1"]
[WhiteElo "1991"]
[BlackElo "1595"]
[PlyCount "90"]
[EventDate "2017.06.03"]
[EventType "swiss"]
[EventRounds "9"]
[EventCountry "BAN"]
[SourceTitle "EXT 2024"]
[Source "ChessBase"]
[SourceDate "2023.10.10"]
[SourceVersion "1"]
[SourceVersionDate "2023.10.10"]
[SourceQuality "1"]

1. d4 Nf6 2. c4 e6 3. Nc3 Bb4 4. Qc2 c5 5. a3 Bxc3+ 6. bxc3 b6 7. e4 h6 8. e5 Ng8 9. Qe4 Nc6 10. d5 Na5 11. dxe6 Bb7 12. exf7+ Kxf7 13. Qf5+ Ke8 14. Be2 Qe7 15. Bf4 Qe6 16. Bh5+ Ke7 17. Qxe6+ dxe6 18. Nf3 Rf8 19. Nh4 Be4 20. Bg3 g5 21. Ng6+ Bxg6 22. Bxg6 h5 23. h4 g4 24. Bd3 Nh6 25. 0-0 Nf5 26. Bf4 Kf7 27. Bg5 Ne7 28. f3 g3 29. f4 Rd8 30. Rad1 Rd7 31. Bg6+ Kxg6 32. Rxd7 Nf5 33. Rxa7 Nxc4 34. Rd1 Nfe3 35. Rd6 Kf5 36. Rdd7 Rf8 37. Rf7+ Rxf7 38. Rxf7+ Ke4 39. Rf6 Kd5 40. Rh6 Nxa3 41. Rxh5 Nb1 42. Rh8 Nxc3 43. Rd8+ Kc4 44. h5 Ne2+ 45. Kh1 Ng4 0-1